01750 a2200217 4500020001500000040001300015082001700028100001700045245005300062260003200115300004000147520099600187600001901183650002701202650004301229650005701272700001901329942003001348999001501378952013901393 a0330486055 aDLCbDLC a956.704420921 aClancy, Tom,10aEvery man a tigercTom Clancy with Chuck Horner. aLondon :bPan Books,c1999. axi, 564 p. :bill., ports ;c24 cm.1 a"General Chuck Horner was the right man in the right place at the right time. Combining a broad experience of all aspects of aerial warfare with a deep respect for and knowledge of Arab culture, Horner commanded the U.S. and allied air assets during Desert Shield and Desert Storm - the forces of a dozen nations - and was responsible for the design and execution of one of the most devastating air campaigns in history. Never before have the Gulf air war and its planning, a process filled with controversy and stormy personalities, been revealed in such detail."--BK JACKET. "Beyond that, however, Every Man a Tiger is the story of two revolutions: of how a service damaged by Vietnam reinvented itself through vision, determination, and brutally hard work - in Horner's words, "We had to learn how to be an Air Force all over again" - and of how war changed fundamentally in the last decade of this century, not only in the new dominance of air power, but in all its aspects."--BK JACKET.1 aHorner, Chuck. 0aPersian Gulf War, 1991 0aPersian Gulf War, 1991zUnited States. 0aPersian Gulf War, 1991xAerial operations, American.1 aHorner, Chuck. cBKk956.70442092 CLA2ddc c5206d5206 001040708NFICaCLbCLcGENd2006-11-27eDonationg0.00l2m3o956.70442092 CLApSEECS007816r2024-11-28s2024-05-31w2017-01-05yBK